000 01890nam a22001697a 4500
999 _c11803
_d11803
008 190107b ||||| |||| 00| 0 eng d
020 _a978-142314673-5
082 _22014
_aDFic
_bR479
100 _aRiordan, Rick
_917672
245 _aThe blood of olympus/
_cRick Riordan
260 _aLos Angeles
_bDisney • Hyperion
_c©2014
300 _a516 pages;
_c22 cm.
520 _aNICO HAD WARNED THEM. Going through the House of Hades would stir the demigods' worst memories. Their ghosts would become restless. Nico may actually become a ghost if he has to shadow-travel with Reyna and Coach Hedge one more time. But that might be better than the alternative: allowing someone else to die, as Hades foretold. JASON'S GHOST IS HIS MOTHER, who abandoned him when he was little. He may not know how he is going to prove himself as a leader, but he does know that he will not break promises like she did. He will complete his line of prophecy: To storm or fire the world must fall. REYNA FEARS THE GHOSTS OF HER ANCESTORS, who radiate anger. But she can't allow them to distract her from getting the Athena Parthenos to Camp Half-Blood before war breaks out between the Romans and the Greeks. Will she have enough strength to succeed, especially with a deadly hunter on her trail? LEO FEARS THAT HIS PLAN WON'T WORK, that his friends might interfere. But there is no other way. All of them know that one of the Seven has to die in order to defeat Gaea, the Earth Mother, PIPER MUST LEARN TO GIVE HERSELF OVER TO FEAR. Only then will she be able to do her part at the end: utter a single word. Heroes, gods, and monsters all have a role to play in the climatic fulfillment of the prophecy in The Blood of Olympus, the electrifying finale of the best-selling Heroes of Olympus series.
650 _aMythology, Greek -- Fiction
_933623
365 _b230.00
_cPhp
942 _2ddc
_cDFC